000 00442pab a2200157 454500
008 180718b2000 xxu||||| |||| 00| 0 eng d
100 _aKawadia, Ganesh
245 _aEconomic growth and structural change in Madhya Pradesh economy (1960-95)
260 _c2000
300 _ap.104-14
362 _aJun
650 _aEconomic growth - India - Madhya Pradesh
650 _aEconomic growth
773 _aMan and Development
909 _a46396
999 _c46396
_d46396